Biodiversidad/ (Record no. 4474)

MARC details
000 -LEADER
campo de control de longitud fija 01297nam a22002777a 4500
003 - IDENTIFICADOR DE NÚMERO DE CONTROL
campo de control OSt
005 - FECHA Y HORA DE LA ÚLTIMA TRANSACCIÓN
campo de control 20231005073234.0
008 - DATOS DE LONGITUD FIJA--INFORMACIÓN GENERAL
campo de control de longitud fija 221006b |||||||| |||| 00| 0 eng d
040 ## - FUENTE DE CATALOGACIÓN
Centro/agencia transcriptor Biblioteca Lado V
082 ## - NÚMERO DE LA CLASIFICACIÓN DECIMAL DEWEY
Número de clasificación 631.5
Número de ítem V473b
100 ## - ENTRADA PRINCIPAL--NOMBRE DE PERSONA
9 (RLIN) 1151
Nombre de persona Vera-Herrera, Ramón
Término indicativo de función/relación editor
245 ## - MENCIÓN DEL TÍTULO
Título Biodiversidad/
Resto del título sustento y cultura/
260 ## - PUBLICACIÓN, DISTRIBUCIÓN, ETC.
Nombre del editor, distribuidor, etc. Fundación Pan para todos
Fecha de publicación, distribución, etc. 2020
Lugar de publicación, distribución, etc. América Latina
300 ## - DESCRIPCIÓN FÍSICA
Dimensiones 28x22cm
Extensión 48p.
366 ## - INFORMACIÓN SOBRE DISPONIBILIDAD COMERCIAL
Nota eng
490 ## - MENCIÓN DE SERIE
Mención de serie 105
505 ## - NOTA DE CONTENIDO CON FORMATO
Nota de contenido con formato Editorial
Título La parcela agroecológico y la Casa de las simillas <br/><br/>La lucha por las semillas, la agroecología y la tierra están entrelazadas<br/><br/>Herramientas y cuidados para recobrar nuestra imaginación colectiva<br/><br/>Caminos del Semiárido brasileño para la gestión de la agrobiodiversidad<br/><br/>Construcción de soberanía alimentaria desde los territorios
505 ## - NOTA DE CONTENIDO CON FORMATO
Nota de contenido con formato Ataques, políticas, resistencias, relatos
505 ## - NOTA DE CONTENIDO CON FORMATO
Nota de contenido con formato Un vistazo, muchas aristas
650 ## - PUNTO DE ACCESO ADICIONAL DE MATERIA--TÉRMINO DE MATERIA
Fuente del encabezamiento o término Tesauro de Arte & Arquitectura
Término de materia o nombre geográfico como elemento de entrada AGRICULTURA
9 (RLIN) 703
650 ## - PUNTO DE ACCESO ADICIONAL DE MATERIA--TÉRMINO DE MATERIA
Fuente del encabezamiento o término Tesauro de Arte & Arquitectura
Término de materia o nombre geográfico como elemento de entrada SEMILLAS
650 ## - PUNTO DE ACCESO ADICIONAL DE MATERIA--TÉRMINO DE MATERIA
Fuente del encabezamiento o término Tesauro de Arte & Arquitectura
Término de materia o nombre geográfico como elemento de entrada CULTIVOS
9 (RLIN) 702
650 ## - PUNTO DE ACCESO ADICIONAL DE MATERIA--TÉRMINO DE MATERIA
Fuente del encabezamiento o término Tesauro de Arte & Arquitectura
Término de materia o nombre geográfico como elemento de entrada CULTURA
650 ## - PUNTO DE ACCESO ADICIONAL DE MATERIA--TÉRMINO DE MATERIA
Fuente del encabezamiento o término Tesauro de Arte & Arquitectura
Término de materia o nombre geográfico como elemento de entrada BIODIVERSIDAD
942 ## - ELEMENTOS DE ENTRADA SECUNDARIOS (KOHA)
Fuente del sistema de clasificación o colocación Clasificación Decimal Dewey
Tipo de ítem Koha Libros
Parte de la signatura que corresponde a la clasificación (Parte de la clasificación) 631.5
Parte de la signatura que identifica el ejemplar (Parte del ítem) V473b
Suprimir en OPAC No
Holdings
Estatus retirado Estado de pérdida Fuente del sistema de clasificación o colocación Especificación de materiales (volumen encuadernado u otra parte) Estado de daño No para préstamo Colección Biblioteca de origen Biblioteca actual Fecha de adquisición Enumeración/cronología de publicación seriada Número de inventario Total de préstamos Signatura topográfica completa Código de barras Visto por última vez Precio de reemplazo Tipo de ítem Koha
    Clasificación Decimal Dewey 2020     Colección Especial Biblioteca LadoV Biblioteca LadoV 05/10/2023 105 002673   631.5 V473b 002673 05/10/2023 05/10/2023 Libros